| 000 | 00982cam a2200349 4500 | ||
|---|---|---|---|
| 001 | ABS65917 | ||
| 008 | 020930n2002 000 0 eng u | ||
| 035 | _a(Sirsi) u119933 | ||
| 245 | _aFocus 2002: West End | ||
| 260 | _v2002 | ||
| 490 |
_aEstates Gazette _v(0238) 21 September 2002, 81-143(22) |
||
| 590 | _aABS | ||
| 650 | _aNOHO | ||
| 650 | _aPADDINGTON | ||
| 650 | _aSOHO | ||
| 650 | _aMAYFAIR | ||
| 650 | _aST JAMES | ||
| 650 | _aVICTORIA | ||
| 650 | _aWESTMINSTER | ||
| 650 | _aKENSINGTON | ||
| 650 | _aCHELSEA | ||
| 650 | _aEUSTON | ||
| 650 | _aMARYLEBONE | ||
| 650 | _aPROPERTY-COMMERCIAL PROPERTY-RETAIL PROPERTY-RETAIL PROPERTY MARKET | ||
| 650 | _aWEST END OF LONDON | ||
| 650 | _aWESTMINSTER CITY COUNCIL | ||
| 650 | _aPROPERTY INVESTMENT | ||
| 650 | _aPROPERTY-COMMERCIAL PROPERTY-OFFICE PROPERTY-OFFICE PROPERTY MARKET | ||
| 650 | _aLEISURE MARKET | ||
| 690 | _aPROPERTY-COMMERCIAL PROPERTY-COMMERCIAL PROPERTY MARKET | ||
| 942 | _n0 | ||
| 999 |
_c71257 _d71257 |
||